[Event "2024 US National High School (K-12) Championship"]
[Site "Baltimore, Maryland, United States"]
[Date "2024.04.05"]
[Round "2.27"]
[White "Montemayor, Ethan"]
[Black "Li, Valen"]
[Result "0-1"]
[TimeControl "G/90; d10"]
[WhiteElo "997"]
[BlackElo "1199"]

1. e4 {[%clk 01:30:00]} {[%emt 00:22:07]} c5 {[%clk 01:30:00]} {[%emt
00:00:03]} 2. Nf3 {[%clk 01:30:00]} {[%emt 00:00:17]} Nc6 {[%clk 01:30:00]}
{[%emt 00:00:04]} 3. d4 {[%clk 01:30:00]} {[%emt 00:00:10]} cxd4 {[%clk
01:30:00]} {[%emt 00:00:06]} 4. Nxd4 {[%clk 01:30:00]} {[%emt 00:00:08]} e6
{[%clk 01:29:44]} {[%emt 00:01:38]} 5. Nc3 {[%clk 01:27:40]} {[%emt 00:02:30]}
Nf6 {[%clk 01:29:43]} {[%emt 00:00:11]} 6. Bg5 {[%clk 01:20:06]} {[%emt
00:07:44]} Be7 {[%clk 01:16:07]} {[%emt 00:13:45]} 7. Bxf6 {[%clk 01:15:48]}
{[%emt 00:04:29]} Bxf6 {[%clk 01:16:04]} {[%emt 00:00:14]} 8. Ndb5 {[%clk
01:15:08]} {[%emt 00:00:49]} O-O {[%clk 01:10:49]} {[%emt 00:05:25]} 9. Nd6
{[%clk 01:05:02]} {[%emt 00:10:17]} Be5 {[%clk 01:07:19]} {[%emt 00:03:39]} 10.
Rb1 {[%clk 00:56:54]} {[%emt 00:08:18]} Qe7 {[%clk 01:00:07]} {[%emt 00:07:21]}
11. Nc4 {[%clk 00:53:20]} {[%emt 00:03:45]} Bxc3+ {[%clk 00:49:51]} {[%emt
00:10:27]} 12. bxc3 {[%clk 00:53:20]} {[%emt 00:00:09]} d5 {[%clk 00:46:26]}
{[%emt 00:03:34]} 13. Nd2 {[%clk 00:27:09]} {[%emt 00:26:21]} dxe4 {[%clk
00:45:07]} {[%emt 00:01:30]} 14. Nxe4 {[%clk 00:27:09]} {[%emt 00:00:09]} Rd8
{[%clk 00:44:52]} {[%emt 00:00:26]} 15. Bd3 {[%clk 00:20:52]} {[%emt 00:06:26]}
b6 {[%clk 00:43:41]} {[%emt 00:01:21]} 16. Qe2 {[%clk 00:19:35]} {[%emt
00:01:27]} Qa3 {[%clk 00:40:37]} {[%emt 00:03:14]} 17. Rb3 {[%clk 00:09:30]}
{[%emt 00:10:15]} Qc1+ {[%clk 00:39:38]} {[%emt 00:01:09]} 18. Qd1 {[%clk
00:09:21]} {[%emt 00:00:19]} Qxd1+ {[%clk 00:39:38]} {[%emt 00:00:08]} 19. Kxd1
{[%clk 00:09:20]} {[%emt 00:00:11]} Ne5 {[%clk 00:38:26]} {[%emt 00:01:22]} 20.
Ke2 {[%clk 00:09:09]} {[%emt 00:00:22]} Nxd3 {[%clk 00:38:26]} {[%emt
00:00:05]} 21. cxd3 {[%clk 00:09:09]} {[%emt 00:00:09]} Bb7 {[%clk 00:36:18]}
{[%emt 00:02:17]} 22. f3 {[%clk 00:08:34]} {[%emt 00:00:45]} f5 {[%clk
00:35:16]} {[%emt 00:01:12]} 23. Nf2 {[%clk 00:08:33]} {[%emt 00:00:11]} h5
{[%clk 00:31:59]} {[%emt 00:03:27]} 24. h4 {[%clk 00:08:12]} {[%emt 00:00:31]}
Rac8 {[%clk 00:30:51]} {[%emt 00:01:18]} 25. d4 {[%clk 00:08:10]} {[%emt
00:00:13]} Bd5 {[%clk 00:29:57]} {[%emt 00:01:04]} 26. Ra3 {[%clk 00:08:10]}
{[%emt 00:00:06]} a5 {[%clk 00:27:55]} {[%emt 00:02:12]} 27. Nd3 {[%clk
00:07:23]} {[%emt 00:00:57]} Bc4 {[%clk 00:27:12]} {[%emt 00:00:53]} 28. Kd2
{[%clk 00:07:23]} {[%emt 00:00:01]} Bxd3 {[%clk 00:26:58]} {[%emt 00:00:24]} 29.
Kxd3 {[%clk 00:07:23]} {[%emt 00:00:02]} e5 {[%clk 00:25:58]} {[%emt 00:01:10]}
30. Re1 {[%clk 00:05:43]} {[%emt 00:01:49]} exd4 {[%clk 00:25:24]} {[%emt
00:00:44]} 31. cxd4 {[%clk 00:05:43]} {[%emt 00:00:03]} Rc6 {[%clk 00:23:34]}
{[%emt 00:01:59]} 32. Rc3 {[%clk 00:05:24]} {[%emt 00:00:30]} Rcd6 {[%clk
00:23:19]} {[%emt 00:00:26]} 33. Rc7 {[%clk 00:04:40]} {[%emt 00:00:54]} Rxd4+
{[%clk 00:23:01]} {[%emt 00:00:28]} 34. Kc3 {[%clk 00:04:40]} {[%emt 00:00:05]}
Rd3+ {[%clk 00:22:09]} {[%emt 00:01:02]} 35. Kc4 {[%clk 00:04:40]} {[%emt
00:00:05]} R8d4+ {[%clk 00:22:01]} {[%emt 00:00:17]} 36. Kb5 {[%clk 00:04:40]}
{[%emt 00:00:03]} Rd6 {[%clk 00:14:54]} {[%emt 00:07:19]} 37. Ree7 {[%clk
00:04:18]} {[%emt 00:00:31]} Rg6 {[%clk 00:14:53]} {[%emt 00:00:11]} 38. Rc8+
{[%clk 00:03:46]} {[%emt 00:00:42]} Kh7 {[%clk 00:14:53]} 39. Re5 {[%clk
00:03:26]} {[%emt 00:00:30]} Rxg2 {[%clk 00:11:00]} {[%emt 00:04:03]} 40. a4
{[%clk 00:03:26]} {[%emt 00:00:01]} Rb3+ {[%clk 00:08:53]} {[%emt 00:02:17]} 41.
Ka6 {[%clk 00:03:26]} {[%emt 00:00:03]} Rg6 {[%clk 00:07:50]} {[%emt 00:01:14]}
42. Ka7 {[%clk 00:02:15]} {[%emt 00:01:21]} Rxf3 {[%clk 00:07:41]} {[%emt
00:00:19]} 43. Ree8 {[%clk 00:02:15]} {[%emt 00:00:07]} Rf6 {[%clk 00:07:17]}
{[%emt 00:00:36]} 44. Re5 {[%clk 00:02:07]} {[%emt 00:00:18]} Rf4 {[%clk
00:06:31]} {[%emt 00:00:56]} 45. Rb8 {[%clk 00:01:06]} {[%emt 00:01:11]} Rxa4
{[%clk 00:06:02]} {[%emt 00:00:40]} 46. Rxb6 {[%emt 00:00:08]} Rxb6 {[%clk
00:05:36]} {[%emt 00:00:35]} 47. Kxb6 {[%clk 00:01:06]} {[%emt 00:00:01]} g6
{[%clk 00:05:34]} {[%emt 00:00:13]} 48. Re7+ {[%clk 00:01:06]} {[%emt
00:00:10]} Kh6 {[%clk 00:05:34]} 49. Kb5 {[%clk 00:01:06]} {[%emt 00:00:03]}
Rxh4 {[%clk 00:05:34]} {[%emt 00:00:08]} 50. Kxa5 {[%clk 00:01:06]} {[%emt
00:00:02]} Re4 {[%clk 00:05:27]} {[%emt 00:00:17]} 51. Rc7 {[%clk 00:01:06]}
{[%emt 00:00:02]} f4 {[%clk 00:05:20]} {[%emt 00:00:17]} 52. Rc1 {[%clk
00:01:06]} {[%emt 00:00:03]} f3 {[%clk 00:05:20]} {[%emt 00:00:09]} 53. Rf1
{[%clk 00:01:06]} {[%emt 00:00:04]} Rf4 {[%clk 00:05:20]} {[%emt 00:00:07]} 54.
Kb5 {[%clk 00:01:06]} {[%emt 00:00:02]} f2 {[%clk 00:05:19]} {[%emt 00:00:11]}
55. Kc5 {[%clk 00:01:06]} {[%emt 00:00:02]} h4 {[%clk 00:05:11]} {[%emt
00:00:19]} 56. Kd5 {[%clk 00:01:06]} {[%emt 00:00:01]} g5 {[%clk 00:05:11]}
{[%emt 00:00:03]} 57. Ke5 {[%clk 00:01:06]} {[%emt 00:00:04]} h3 {[%clk
00:05:06]} {[%emt 00:00:15]} 58. Rh1 {[%clk 00:01:05]} {[%emt 00:00:10]} f1=Q
{[%clk 00:04:57]} {[%emt 00:00:19]} 59. Rxf1 {[%clk 00:01:05]} {[%emt
00:00:03]} Rxf1 {[%clk 00:04:57]} {[%emt 00:00:05]} 60. Ke4 {[%clk 00:01:05]}
{[%emt 00:00:01]} h2 {[%clk 00:04:57]} {[%emt 00:00:01]} 61. Ke3 {[%clk
00:01:05]} {[%emt 00:00:01]} h1=R {[%clk 00:04:57]} {[%emt 00:00:03]} 62. Ke2
{[%clk 00:01:05]} {[%emt 00:00:02]} Rf8 {[%clk 00:04:57]} {[%emt 00:00:02]} 63.
Ke3 {[%clk 00:01:05]} Re1+ {[%clk 00:04:57]} {[%emt 00:00:02]} 64. Kd2 {[%clk
00:01:05]} Re7 {[%clk 00:04:57]} {[%emt 00:00:02]} 65. Kc3 {[%clk 00:01:05]}
Rd8 {[%clk 00:04:57]} {[%emt 00:00:01]} 66. Kb4 {[%clk 00:01:05]} Rc7 {[%clk
00:04:57]} 67. Ka5 {[%clk 00:01:05]} Rb8 {[%clk 00:04:57]} {[%emt 00:00:02]} 68.
Ka6 {[%clk 00:01:05]} {[%emt 00:00:01]} Rc1 {[%clk 00:04:57]} {[%emt 00:00:01]}
69. Ka7 {[%clk 00:01:05]} Rb2 {[%clk 00:04:57]} {[%emt 00:00:01]} 70. Ka6
{[%clk 00:01:05]} {[%emt 00:00:01]} Ra1# {[%emt 00:00:18]} 0-1